В морях и странствиях: Повесть; Для среднего и старшего школьного возраста

Λεπτομέρειες βιβλιογραφικής εγγραφής
Κύριος συγγραφέας: Давыдов Ю. В. Юрий Владимирович
Άλλοι συγγραφείς: Алсуфьев К. (иллюстратор)
Γλώσσα:Ρωσικά
Έκδοση: Иркутск, Восточно-Сибирское кн. изд-во, 1982
Έκδοση:3-е изд., перераб. и доп.
Θέματα:
Μορφή: Βιβλίο
KOHA link:https://koha.lib.tpu.ru/cgi-bin/koha/opac-detail.pl?biblionumber=137495

MARC

LEADER 00000nam0a2200000 4500
001 137495
005 20231031141057.0
020 |a RU  |b 82-40042 
035 |a (RuTPU)RU\TPU\book\149014 
090 |a 137495 
100 |a 20080513d1982 de y0rusy5003 ca 
101 0 |a rus 
102 |a RU 
105 |a a z 000ay 
200 1 |a В морях и странствиях  |e Повесть   |e Для среднего и старшего школьного возраста  |f Ю. В. Давыдов  |g худож. К. Алсуфьев 
205 |a 3-е изд., перераб. и доп. 
210 |a Иркутск  |c Восточно-Сибирское кн. изд-во  |d 1982 
215 |a 176 с.  |c ил.  |d 20 см. 
600 1 |a Матюшкин  |b Ф. Ф.  |g Федор Федорович 
610 1 |a Морские путешествия кругосветные русские 
610 1 |a 19 век 
610 1 |a детская литература 
610 1 |a повести 
675 |a Р2  |z rus 
700 1 |a Давыдов  |b Ю. В.  |g Юрий Владимирович  |4 070 
702 1 |a Алсуфьев  |b К.  |4 440 
801 0 |a RU  |b RuMRKP  |c 19950704  |g psbo 
801 1 |a RU  |b 63413507  |c 20080513  |g PSBO 
801 2 |a RU  |b 63413507  |c 20080513  |g PSBO 
942 |c BK